| 000 | 00940nam a2200277Ii 4500 | ||
|---|---|---|---|
| 003 | GSU | ||
| 005 | 20250207134731.0 | ||
| 008 | 060306r2006 enkabo 001 0 eng d | ||
| 020 | _a9780415343008 (paperback) | ||
| 040 |
_beng _cGSU _dGSU _erdacontent |
||
| 050 | 0 | 0 |
_aQH541.15 _bJEF |
| 100 | 1 |
_aJeffries, Michael J. _eauthor |
|
| 245 | 1 | 0 |
_aBiodiversity and conservation / _cMichael J. Jeffries. |
| 250 | _aSecond edition. | ||
| 260 |
_aAbingdon : _bRoutledge, _c2006 |
||
| 264 | 1 | _c©2006. | |
| 300 |
_a236 pages : _billustrations, maps ; _c25 cm. |
||
| 336 |
_atext _btxt _2rdacontent. |
||
| 337 |
_aunmediated _bn _2rdamedia. |
||
| 338 |
_avolume _bnc _2rdacarrier. |
||
| 490 | 1 | _aRoutledge introductions to environment | |
| 504 | _aIncludes bibliographical references (pages 223-225) and index. | ||
| 650 | 0 | _aBiodiversity. | |
| 650 | 0 | _aBiodiversity conservation. | |
| 942 |
_2lcc _cBK _hQH541.15 _kQH _mJEF _n0 _eSecond edition |
||
| 999 |
_c2427 _d2427 |
||